The travels of Peter Mundy, in Europe and Asia, 1608-1667. Vol. I, Travels in Europe, 1608-1628. Vol. II, Travels in Asia, 1628-1634; Vol.III, Travels in England, India, China, etc. 1634-1638. Part I, Travels in England, Western India, Achin, Macao, and the Canton River, 1634-1637; Vol. III, Part II, Travels in Achin, Mauritius, Madagascar, and St Helena, 1638; Vol. IV, Travels in Europe,1639-1647; Vol. V, Travels in South West England and Western India, with a Diary of Events in London, 1658-1663, and in Penryn, 1664-1667. Edited by Lt. Col. Sir Richard Carnac Temple, Bart., C.I.E.
Shranjeno v:
| Glavni avtor: | |
|---|---|
| Format: | Knjiga |
| Jezik: | angleščina |
| Izdano: |
Londres
Hakluyt Society
1907
|
| Izdaja: | 1a. ed |
| Serija: | Hakluyt Society, Second series, 17, 35, 45, 46, 55
|
| Teme: | |
| Oznake: |
Označite
Brez oznak, prvi označite!
|
MARC
| LEADER | 00000nam a2200000 a 4500 | ||
|---|---|---|---|
| 001 | UCJ5671 | ||
| 003 | CL-VaPUC | ||
| 008 | 070124e19070000UK |||||||||||||||||eng|d | ||
| 082 | 0 | 4 | |a 910.4 |b MUN |2 21 |
| 100 | 0 | |a Mundy, Peter |e author |9 511189 | |
| 245 | 1 | 4 | |a The travels of Peter Mundy, in Europe and Asia, 1608-1667. Vol. I, Travels in Europe, 1608-1628. Vol. II, Travels in Asia, 1628-1634; Vol.III, Travels in England, India, China, etc. 1634-1638. Part I, Travels in England, Western India, Achin, Macao, and the Canton River, 1634-1637; Vol. III, Part II, Travels in Achin, Mauritius, Madagascar, and St Helena, 1638; Vol. IV, Travels in Europe,1639-1647; Vol. V, Travels in South West England and Western India, with a Diary of Events in London, 1658-1663, and in Penryn, 1664-1667. Edited by Lt. Col. Sir Richard Carnac Temple, Bart., C.I.E. |
| 250 | |a 1a. ed | ||
| 300 | |a 6 v | ||
| 942 | |c BK | ||
| 945 | |d 20070124 00:00:00 |a rinostro | ||
| 260 | |a Londres |b Hakluyt Society |c 1907 | ||
| 500 | |a Advierte errata; mapas e ilustraciones conforme a lo señalado en índices; vol. intonso | ||
| 650 | 0 | |a Viajes |9 257115 | |
| 650 | 7 | |a DIARIO |2 CL-VaPUC |9 441581 | |
| 650 | 0 | |a Geografía |9 259346 | |
| 650 | 0 | |a Historia |9 255047 | |
| 650 | 7 | |a FLORA |2 CL-VaPUC |9 264745 | |
| 650 | 7 | |a FAUNA |2 CL-VaPUC |9 349523 | |
| 650 | 0 | |a Población |9 257577 | |
| 650 | 0 | |a Cultura |9 269059 | |
| 650 | 7 | |a JUEGOS Y DIVERSIONES |2 CL-VaPUC |9 510002 | |
| 650 | 0 | |a Religión |9 255164 | |
| 650 | 0 | |a Recursos naturales |9 255232 | |
| 650 | 0 | |a Comercio |9 255341 | |
| 650 | 7 | |a INSTITUCIONES |2 CL-VaPUC |9 329701 | |
| 650 | 0 | |a Ciudades |9 265474 | |
| 650 | 0 | |a Arte |9 265238 | |
| 650 | 0 | |a Arquitectura |9 804558 | |
| 650 | 0 | |a Astronomía |9 260985 | |
| 650 | 0 | |a Navegación |9 255384 | |
| 650 | 7 | |a MODAS |2 CL-VaPUC |9 510150 | |
| 650 | 7 | |a TRAJES |2 CL-VaPUC |9 505793 | |
| 650 | 7 | |a GLOSARIO SAMOIEDO INGLES |2 CL-VaPUC |9 511191 | |
| 650 | 0 | |a Ilustraciones |9 369481 | |
| 650 | 0 | |a Mapas |9 260844 | |
| 651 | 0 | |a Inglaterra |9 255158 | |
| 651 | 0 | |a España |9 254926 | |
| 651 | 0 | |a India |9 267804 | |
| 651 | 0 | |a China |9 257545 | |
| 651 | 0 | |a Rusia |9 256106 | |
| 651 | 0 | |a África |9 256790 | |
| 583 | |a last modification |c 20070124 00:00:00 |k Rodrigo Vera | ||
| 490 | 0 | |a Hakluyt Society, Second series, 17, 35, 45, 46, 55 | |
| 999 | |c 321780 |d 321778 | ||
| 952 | |0 0 |1 0 |4 0 |6 910_400000000000000_MUN_1907 |7 0 |8 X |9 400617 |a FDOBUD |b FDOBUD |d 2019-11-22 |h v.1 |i 1037595 |o 910.4 MUN 1907 |p 1037595 |r 2019-11-22 |w 2019-11-22 |y BK_X |k BUD | ||
| 952 | |0 0 |1 0 |4 0 |6 910_400000000000000_MUN_1907 |7 0 |8 X |9 400618 |a FDOBUD |b FDOBUD |d 2019-11-22 |h v.2 |i 1037609 |o 910.4 MUN 1907 |p 1037609 |r 2019-11-22 |w 2019-11-22 |y BK_X |k BUD | ||
| 952 | |0 0 |1 0 |4 0 |6 910_400000000000000_MUN_1907 |7 0 |8 X |9 400619 |a FDOBUD |b FDOBUD |d 2019-11-22 |h v.1-3 |i 1037617 |o 910.4 MUN 1907 |p 1037617 |r 2019-11-22 |w 2019-11-22 |y BK_X |k BUD | ||
| 952 | |0 0 |1 0 |4 0 |6 910_400000000000000_MUN_1907 |7 0 |8 X |9 400620 |a FDOBUD |b FDOBUD |d 2019-11-22 |h v.2-3 |i 1037625 |o 910.4 MUN 1907 |p 1037625 |r 2019-11-22 |w 2019-11-22 |y BK_X |k BUD | ||
| 952 | |0 0 |1 0 |4 0 |6 910_400000000000000_MUN_1907 |7 0 |8 X |9 400621 |a FDOBUD |b FDOBUD |d 2019-11-22 |h v.4 |i 1037633 |o 910.4 MUN 1907 |p 1037633 |r 2019-11-22 |w 2019-11-22 |y BK_X |k BUD | ||
| 952 | |0 0 |1 0 |4 0 |6 910_400000000000000_MUN_1907 |7 0 |8 X |9 400622 |a FDOBUD |b FDOBUD |d 2019-11-22 |h v.5 |i 1037641 |o 910.4 MUN 1907 |p 1037641 |r 2019-11-22 |w 2019-11-22 |y BK_X |k BUD | ||